| 000 | 00470nam a2200217 454500 | ||
|---|---|---|---|
| 001 | 045748 | ||
| 003 | BD-ChCU | ||
| 008 | Eng | ||
| 020 | _a0140215697 | ||
| 040 |
_aDLC _cDLC _dBD-ChCU |
||
| 082 | 0 | 0 | _a142.78/M173e |
| 100 | 1 |
_aMacquarrie, John _b- |
|
| 245 | 1 | 0 |
_aExistentialism _b- |
| 250 | _a- | ||
| 260 |
_aLondon _bPenguin Book _c1972 |
||
| 300 | _a314 | ||
| 504 | _aIncludes | ||
| 650 | 0 |
_aPhilosophy _bPhilosophy |
|
| 700 | 1 | _a- | |
| 942 |
_2ddc _cBK |
||
| 999 |
_c45748 _d45748 |
||